| 000 | 00840cam a2200277 a 4500 | ||
|---|---|---|---|
| 005 | 20260322212035.0 | ||
| 008 | data | ||
| 010 | _a 00020349 | ||
| 020 | _a0321055098 | ||
| 020 | _a9780321055095 | ||
| 040 |
_aDLC _cDLC _dDLC |
||
| 050 | 0 | 0 |
_aPE1417 _b.B43 2001 |
| 082 | 0 | 0 |
_a808/.0427 _221 |
| 092 | _a808.04 B43 2001 | ||
| 245 | 1 | 0 |
_aBetween worlds : _ba reader, rhetoric, and handbook / _cSusan Bachmann & Melinda Barth. |
| 250 | _a3rd ed. | ||
| 260 |
_aNew York : _bLongman, _cc2001. |
||
| 300 |
_axxviii, 644 p. ; _c24 cm. |
||
| 500 | _aIncludes indexes. | ||
| 650 | 0 | _aCollege readers. | |
| 650 | 0 |
_aEnglish language _xHandbooks, manuals, etc. _xHandbooks, manuals, etc. |
|
| 650 | 0 |
_aEnglish language _xHandbooks, manuals, etc. _xHandbooks, manuals, etc. |
|
| 700 | 1 | _aBachmann, Susan. | |
| 700 | 1 | _aBarth, Melinda. | |
| 001 | data | ||
| 999 |
_c808 _d808 |
||